000 00931cam a22001934a 4500
005 20250605164140.0
008 250528s ||||||||||||||||||||||||d
035 _a18953
020 _a9602561424
040 _aGR-AtMCL
_bgre
_dGR-AtMCL
_eAACR2
245 1 _aΟμάδες, Κινήματα, Τάσεις της Σύγχρονης Τεχνης μετά το 1945 / Ανωτάτη Σχολή Καλών Τεχνών του Παρισιού
260 _bΕξάντας,
_c1991
300 _a296
520 _aΤο βιβλίο περιγράφει κάθε τάση και κάθε ομάδα, τις οποίες τοποθετεί ιστορικά και πολιτιστικά, και διευκρινίζει τις θεμελιώδεις ιδέες τους και τους προγραμματισμούς τους.
700 1 _aΤομανάς Βασίλης
_95234
942 _cBK
999 _c4250
_d4250